[Event "Kastoria op 1st"]
[Site "Kastoria"]
[Date "1996.07.23"]
[Round "7.17"]
[White "Pigaidoulis, Hristos"]
[Black "Nikitidis, Ioannis"]
[Result "1-0"]
[WhiteElo "1580"]
[BlackElo "1450"]
[PlyCount "57"]
[EventDate "1996.07.17"]
[EventType "swiss"]
[EventRounds "9"]
[EventCountry "GRE"]
[SourceTitle "EXT 2024"]
[Source "ChessBase"]
[SourceDate "2023.10.10"]
[SourceVersion "1"]
[SourceVersionDate "2023.10.10"]
[SourceQuality "1"]

1. g3 d5 2. Bg2 Nf6 3. d3 Bf5 4. Nf3 h6 5. 0-0 e6 6. Bf4 Nc6 7. Nbd2 Bd6 8. Bxd6 Qxd6 9. Nh4 Bh7 10. f4 Qc5+ 11. Kh1 Ng4 12. Qe1 Ne3 13. Rg1 Nxg2 14. Rxg2 Qxc2 15. Qc1 Bxd3 16. exd3 Qxd3 17. Qc3 Qh7 18. Ndf3 0-0 19. Re1 Rad8 20. Nd4 Nxd4 21. Qxd4 b6 22. Qc3 Rd7 23. Qc6 Rfd8 24. f5 Re7 25. Rge2 Rf8 26. fxe6 fxe6 27. Rxe6 Rxe6 28. Qxe6+ Kh8 29. Ng6+ 1-0